000 00384pab a2200157 454500
008 180718b1983 xxu||||| |||| 00| 0 eng d
100 _aMisra, Surat
245 _aA study on crimes against women
260 _c1983
300 _a1-21
362 _aOct.-Dec.
650 _aSex Crimes - India
700 _aJ.C. Arora
773 _aPolice Research and Development
909 _a18069
999 _c18069
_d18069